[Event "Kaupthing op-B 1st"]
[Site "Differdange"]
[Date "2007.07.08"]
[Round "3"]
[White "Scheerer, Daniel"]
[Black "Bakalarz, Leszek"]
[Result "0-1"]
[WhiteElo "1716"]
[BlackElo "2105"]
[PlyCount "38"]
[EventDate "2007.07.08"]
[EventType "swiss"]
[EventRounds "9"]
[EventCountry "LUX"]
[SourceTitle "EXT 2008"]
[Source "ChessBase"]
[SourceDate "2007.11.25"]
[SourceVersion "1"]
[SourceVersionDate "2007.11.25"]
[SourceQuality "1"]

1. e4 c5 2. d4 cxd4 3. c3 dxc3 4. Nxc3 Nc6 5. Nf3 g6 6. Bc4 Bg7 7. e5 Qa5 8. Bf4 Nxe5 9. Bd5 Nc6 10. Bd2 Nf6 11. Bc4 0-0 12. Nb5 Qd8 13. Bf4 d6 14. Ng5 a6 15. Nc3 h6 16. Nf3 Nh5 17. Bd2 Bg4 18. Qc2 e6 19. 0-0-0 Bf5 0-1

[Event "Civil Service Major op"]
[Site "London"]
[Date "2005.11.06"]
[Round "5"]
[White "Scheerer, Daniel"]
[Black "Lim, Mark"]
[Result "0-1"]
[WhiteElo "1640"]
[BlackElo "1584"]
[PlyCount "54"]
[EventDate "2005.11.05"]
[EventType "swiss"]
[EventRounds "5"]
[EventCountry "ENG"]
[SourceTitle "EXT 2007"]
[Source "ChessBase"]
[SourceDate "2006.11.23"]
[SourceVersion "1"]
[SourceVersionDate "2006.11.23"]
[SourceQuality "1"]

1. e4 d6 2. d4 Nf6 3. Nc3 c6 4. f4 Qa5 5. Bd3 e5 6. dxe5 dxe5 7. f5 b5 8. Bd2 Qb6 9. Qf3 Bc5 10. 0-0-0 a5 11. Qg3 Nbd7 12. Bg5 a4 13. Bxf6 gxf6 14. Qg7 Rf8 15. Nf3 b4 16. Nb1 b3 17. a3 bxc2 18. Bxc2 Rb8 19. Kd2 Be3+ 20. Ke2 Qxb2 21. Kxe3 Qxc2 22. Rd3 Rxb1 23. Rxb1 Qxb1 24. Nd2 Qg1+ 25. Kf3 Qxh2 26. Nc4 Qf4+ 27. Ke2 Qxe4+ 0-1